000 01466nam a22003137a 4500
005 2008090307237.0
008 080903t xxu||||| |||| 00| 0 eng d
010 _aENG-90907
020 _a8170248086
_c995.00
035 _aEN-74440
037 _bDBAD / PUB
040 _aDPL
_bEnglish
082 _a621.3678095413
100 _aPorwal, M.C.
245 _aRemote sensing analysis of environmental resources for planning and development /
_cby M.C. Porwal
260 _aNew Delhi
_bAPH Publishing House
_c2009
270 _a4435-36/7, Ansari Raod, Darya Ganj,
_bNew Delhi
_e110002
_k23274050
300 _axxi, 302p.:
_c23 cm (Hb)
_bb&w photos : maps
500 _aIncludes bibliographical references and index
650 _aRemote sensing
_zIndia
_zSiwalik Bhabar Region.
650 _aEnvironmental monitoring
_zIndia
_zSiwalik Bhabar Region.
650 _aEnvironmental mapping
_zIndia
_zSiwalik Bhabar Region.
650 _aEnvironmental protection
_xMaps
_zIndia
_zSiwalik Bhabar Region.
650 _aNatural resources surveys
_zIndia
_zSiwalik Bhabar Region.
650 _aRegional planning
_zIndia
_zSiwalik Bhabar Region.
650 _aSustainable development
_zIndia
_zSiwalik Bhabar Region.
942 _2ddc
_cEN
_mPOR
_h621.3678095413
999 _c15315
_d15315